|
|
|
|
| LEADER |
00000nam a22000007a 4500 |
| 005 |
20220202220156.0 |
| 007 |
cr|||| |||| |
| 008 |
220202s2021 es |||||s|||| 00||0 spa d |
| 020 |
|
|
|a 978-84-1381-238-0
|
| 035 |
|
|
|a 35708
|
| 040 |
|
|
|a vLex
|
| 090 |
|
|
|c 12906
|d 12906
|
| 245 |
0 |
0 |
|a Actas de Derecho Industrial y Derecho de Autor (2020-2021)
|h [Recurso electrn̤ico] /
|n Tomo XLI
|
| 256 |
|
|
|a Servicio en ln̕ea
|
| 260 |
|
|
|a Bruselas:
|b Marcial Pons,
|c 2021
|
| 300 |
|
|
|a 1 recurso electrn̤ico
|
| 490 |
|
0 |
|a Actas de Derecho Industrial y Derecho de Autor
|
| 506 |
1 |
|
|a Disponible solo en los productos indicados
|d vLex Global
|d vLex Global (Academic Edition, excluding Law Schools)
|d vLex Global (U.S. Academic Edition, Law Schools)
|d vLex Global (U.S. Academic Edition, excluding Law Schools)
|d vLex Global (Academic Edition, Law Schools)
|
| 650 |
0 |
4 |
|a Derecho Mercantil y de la Empresa
|z Espaą
|
| 650 |
0 |
4 |
|a Propiedad Industrial
|z Espaą
|
| 650 |
0 |
4 |
|a Propiedad Intelectual
|z Espaą
|
| 740 |
0 |
|
|a vLex Libros (Servicio en ln̕ea)
|
| 856 |
4 |
0 |
|u https://app.vlex.com/#/sources/35708
|z Acceso restringido
|
| 942 |
|
|
|c BOOK
|
| 999 |
0 |
|
|a Commercial and Company Law
|
| 999 |
0 |
|
|a Industrial Property
|
| 999 |
0 |
|
|a Intellectual Property
|